期刊信息 |
| 索取号 |
G8/XATY
|
| 题名 |
西安体育学院学报
|
| 作者 |
西安体育学院学报编辑部
|
| 分册号 |
|
| 分册名 |
|
| 出版地 |
西安
|
| 出版者 |
该刊编辑部
|
| 标准刊号 |
1001-747X
|
| 出版频率 |
双月刊
|
| 中图法分类 |
G8
|
| 主题词 |
|
| 电子资源 | |
| |
|
| 000 | 01160nas0 2200325 45 | |
| 001 | 1196061807 | |
| 005 | 20070711111548.98 | |
| 011 | @a1001-747X@dCNY10.00(2005) | |
| 091 | @aCN@b61-1198 | |
| 092 | @b52-270 | |
| 100 | @a19960116a19849999k y0chiy0110 eb | |
| 101 | 0 | @achi |
| 102 | @aCN@b610000 | |
| 110 | @aahaz 0yy0 | |
| 200 | 1 | @a西安体育学院学报@AXi An Ti Yo Xue Yuan Xue Bao@dJournal of Xi'an Physical Education Institute@f西安体育学院学报编辑部@FXi An Ti Yu Xue Yuan Xue Bao Bian Ji Bu@zeng |
| 210 | @a西安@b陕西省西安市陵园路38号(邮码710068)@c该刊编辑部@d1984~ | |
| 215 | @c插图@d26cm | |
| 326 | @a双月刊 | |
| 510 | 1 | @aJournal of Xi'an Physical Education Institute@zeng |
| 530 | 0 | @a西安体育学院学报@AXi An Ti Yo Xue Yuan Xue Bao |
| 540 | 1 | @a西安 体育 学院 学报@AXi An Ti Yo Xue Yuan Xue Bao |
| 610 | 0 | @a体育@a大学@a教育 |
| 676 | @a372.86@v19 | |
| 690 | @aG8@v3 | |
| 690 | @aG8@v4 | |
| 701 | 0 | @a赵玉亭@AZhao Yu Ting@4总编辑 |
| 711 | 02 | @a西安体育学院@AXi An Ti Yo Xue Yuan@4主办 |
| 711 | 0 | @a西安体育学院学报编辑部@AXi An Ti Yu Xue Yuan Xue Bao Bian Ji Bu |
| 801 | 0 | @aCN@bPFT@c20070711 |
| 905 | @a1@cQ@dG8@eXATY | |
| 西安体育学院学报=Journal of Xi'an Physical Education Institute/西安体育学院学报编辑部.-西安(陕西省西安市陵园路38号(邮码710068)):该刊编辑部,1984~ |
| 插图;26cm |
| ←识别题名:西安体育学院学报 |
| ISSN 1001-747X:CNY10.00(2005) |
| ● |
| 相关链接: |
|
|
|
|